| 000 | 01066nam0a2200313 4500 | ||
|---|---|---|---|
| 001 | RU\NLR\ONL2\6301 | ||
| 005 | 20250613125943.0 | ||
| 010 |
_a5-7696-2346-2 _93000+8000 |
||
| 035 | _a(NLR Aleph) 009653898 | ||
| 090 |
_a9581835 _c9581835 |
||
| 100 | _a20061111d2006 |||y0rusy50 ca | ||
| 101 | 0 | _asah | |
| 102 | _aRU | ||
| 105 | _aa ||||||||| | ||
| 200 | 1 |
_aНуучча остуоруйалара _f[хомуйан онордо Р. П. Осипова _gхудож. В. Ф. Ноева] |
|
| 210 |
_aДьокуускай _cБичик _d2006 |
||
| 215 |
_a125,[2] с. _cил. _d29 |
||
| 225 | 1 | _aОстуоруйа эйгэтэ | |
| 541 | 1 |
_aРусские народные сказки _eдля мл. шк. возраста _zrus |
|
| 686 | 1 | _aШ9(2)3=Я-72Р | |
| 702 | 1 |
_aОсипова _bР. П. _gРозалия Петровна _4220 |
|
| 702 | 1 |
_aНоева _bВ. Ф. _4440 |
|
| 801 | 0 |
_aRU _bNLR _c20061111 _gPSBO |
|
| 852 |
_aNLR _bОНЛ _jЯкут./5-65 |
||
| 942 | _cBOOK | ||
| 980 | _aNB | ||
| 980 | _aONL_RF | ||